Auswanderungen Dänemark - Statistiken

Allgemein
  • Dieses Quiz wurde 66 mal gespielt
    41 seit der letzten Aktualisierung
  • Das Durchschnittsergebnis liegt bei 12 aus 16
Antwortstatistiken
Platz Land Anzahl % Korrekt
6. Deutschland 50.000
98%
3. Norwegen 52.510
95%
8. Schweden 42.602
95%
1. Vereinigte Staaten 1.430.897
95%
11. Frankreich 7.000
88%
2. Kanada 207.470
85%
10. Spanien 10.000
85%
9. Vereinigtes Königreich 18.493
85%
5. Australien 50.413
78%
13. Schweiz 4.251
75%
4. Brasilien 52.000
73%
16. Island 2.802
73%
14. Neuseeland 3.507
65%
7. Argentinien 48.000
63%
12. Grönland 6.348
13%
15. Färöer 2.956
5%
Keine übereinstimmenden Quizze gefunden
Verteilung der Resultate
Anzahl Personen mit jedem Resultat
Perzentil nach korrekt beantworteten Fragen
Ihre Resultats-Entwicklung
Sie haben dieses Quiz seit der letzten Aktualisierung nicht gespielt